000 00841nam a22002537a 4500
005 20260504165845.0
008 260504b |||||||| |||| 00| 0 eng d
020 _a9780750644457
_qpbk
082 _a660.28
_bRIC.v2.5E
100 _aRichardson, J.F.
245 _aCoulson and Richardson's chemical engineering. Vol.2. particle technology and separation processes [5th ed.]
250 _a5th ed. 2002 ; rep. 2007
260 _aOxford
_bButterworth-Heinemann, an imprint of Elsevier
_c2002
300 _axxi, 1156p. ; 24cm.
440 _aButterworth-Heinemann titles in the Chemical engineering series ; 2
490 _vvol. 2
653 _aChemical engineering
653 _aParticles
653 _aSeparation (Technology)
653 _aCHE326
700 _aHarker, J.H.
700 _aBackhurst, J.R.
942 _2ddc
_cBK
999 _c53161
_d53161